Planificación Bibliográfica /

Gardado en:
Detalles Bibliográficos
Autor Principal: Cruz Saborío, María del Pilar
Outros autores: comp
Formato: Texto
Publicado: San José: SEPSA. CENIA
Etiquetas: Engadir etiqueta
Sen Etiquetas, Sexa o primeiro en etiquetar este rexistro!

MARC

LEADER 00000 a a2200000 04500
001 22234
003
040
090 |a 150900  
100 |a Cruz Saborío, María del Pilar  
245 |a Planificación Bibliográfica /  |c María del Pilar Cruz Saborío 
260 |a San José:   |b SEPSA. CENIA  
300 |a 69 p.  
700 |a comp.  
999 |c 8292  |d 8292